Sports Quiz

Random Sports or Football Quiz

BCS Schools Last 3 Head Coaches Quiz Stats

 Plays Quiz not verified by Sporcle

Score 0/197 Timer 20:00
0 Plays Today
School % Correct
ClemsonTommy Bowden
93.8%
Florida StateBobby Bowden
93.8%
AuburnTerry Bowden
93.8%
TexasMack Brown
91.6%
AlabamaNick Saban
89.4%
LSUNick Saban
89.4%
Georgia TechPaul Johnson
89%
West VirginiaRich Rodriguez
88.6%
MichiganRich Rodriguez
88.6%
Penn StateJoe Paterno
88.6%
VanderbiltBobby Johnson
88.6%
FloridaSteve Spurrier
88.3%
South CarolinaSteve Spurrier
88.3%
FloridaUrban Meyer
87.9%
OklahomaBob Stoops
86.8%
Oklahoma StateLes Miles
86.8%
LSULes Miles
86.8%
ArizonaMike Stoops
86.4%
OregonChip Kelly
86.1%
USCLane Kiffin
85.7%
TennesseeLane Kiffin
85.7%
CincinnatiBrian Kelly
85.3%
MichiganLloyd Carr
85.3%
Notre DameBrian Kelly
85.3%
USCPete Carroll
85%
MiamiButch Davis
84.2%
North CarolinaButch Davis
84.2%
Ohio StateJim Tressel
83.5%
IllinoisRon Zook
82.1%
FloridaRon Zook
82.1%
LouisvilleBobby Petrino
79.1%
ArkansasBobby Petrino
79.1%
ConnecticutSkip Holtz
78.4%
South FloridaSkip Holtz
78.4%
South CarolinaLou Holtz
78.4%
GeorgiaMark Richt
78%
Virginia TechFrank Beamer
77.3%
StanfordJim Harbaugh
77.3%
Notre DameCharlie Weis
76.2%
Florida StateJimbo Fisher
75.8%
NebraskaBo Pelini
75.5%
Texas TechTommy Tuberville
75.5%
AuburnTommy Tuberville
75.5%
Iowa StateGene Chizik
75.1%
AuburnGene Chizik
75.1%
Texas TechMike Leach
74.4%
Notre DameTyrone Willingham
73.3%
WashingtonTyrone Willingham
73.3%
Kansas StateBill Snyder
72.9%
Kansas StateBill Snyder
72.9%
MiamiRandy Shannon
72.5%
Arizona StateBruce Snyder
72.5%
MissouriLarry Smith
71.8%
Michigan StateJohn L. Smith
71.8%
IowaKirk Ferentz
71.4%
PittsburghDave Wannstedt
70.3%
Oklahoma StateMike Gundy
70%
ColoradoRick Neuheisel
68.9%
UCLARick Neuheisel
68.9%
WisconsinBarry Alvarez
68.5%
Virginia TechBill Dooley
68.1%
Wake ForestBill Dooley
68.1%
TennesseeDerek Dooley
68.1%
ArkansasHouston Nutt
67.8%
Ole MissHouston Nutt
67.8%
RutgersGreg Schiano
67.4%
School % Correct
KansasMark Mangino
67%
MiamiLarry Coker
66.7%
Arizona StateDennis Erickson
66.7%
Oregon StateDennis Erickson
66.7%
VirginiaAl Groh
66.3%
CincinnatiButch Jones
65.6%
TennesseePhillip Fulmer
65.2%
DukeDavid Cutcliffe
64.8%
NebraskaBill Callahan
64.8%
Ole MissDavid Cutcliffe
64.8%
KansasTurner Gill
64.5%
Texas A&MMike Sherman
64.5%
WisconsinBret Bielema
64.5%
CincinnatiMark Dantonio
64.1%
Michigan StateMark Dantonio
64.1%
Boston CollegeTom O'Brien
62.6%
ClemsonDabo Swinney
62.6%
North Carolina StateTom O'Brien
62.6%
MarylandRalph Friedgen
61.2%
ColoradoDan Hawkins
60.4%
ConnecticutRandy Edsall
60.4%
NorthwesternPat Fitzgerald
60.4%
WashingtonSteve Sarkisian
59.7%
CaliforniaJeff Tedford
59.3%
Oregon StateMike Riley
56.8%
Oregon StateMike Riley
56.8%
MissouriGary Pinkel
56.4%
LouisvilleCharlie Strong
55.3%
Mississippi StateDan Mullen
53.5%
AlabamaMike Shula
53.1%
BaylorArt Briles
52.7%
KentuckyJoker Phillips
52.4%
Mississippi StateSylvester Croom
52.4%
West VirginiaBill Stewart
50.9%
Ohio StateJohn Cooper
50.9%
Wake ForestJim Grobe
50.2%
Michigan StateBobby Williams
48.7%
IowaHayden Fry
48%
OregonRich Brooks
47.6%
KentuckyRich Brooks
47.6%
NebraskaFrank Solich
47.3%
PurdueJoe Tiller
46.9%
SyracuseGreg Robinson
46.5%
Texas A&MDennis Franchione
44%
AlabamaDennis Franchione
44%
Washington StateMike Price
43.6%
ColoradoGary Barnett
42.5%
NorthwesternGary Barnett
42.5%
Ole MissEd Orgeron
40.3%
OregonMike Bellotti
39.6%
Georgia TechChan Gailey
39.2%
LouisvilleSteve Kragthorpe
37%
SyracuseDoug Marrone
35.2%
IllinoisRon Turner
35.2%
Boston CollegeFrank Spaziani
34.8%
Georgia TechGeorge O'Leary
34.8%
South FloridaJim Leavitt
34.8%
NorthwesternRandy Walker
34.8%
MinnesotaGlen Mason
34.4%
Kansas StateRon Prince
34.1%
MinnesotaTim Brewster
33.7%
Boston CollegeJeff Jagodzinski
33.3%
VirginiaMike London
33.3%
North Carolina StateChuck Amato
32.2%
PittsburghWalt Harris
31.5%
StanfordWalt Harris
31.5%
School % Correct
Iowa StatePaul Rhoads
31.1%
PurdueDanny Hope
31.1%
Mississippi StateJackie Sherrill
31.1%
TexasJohn Mackovic
30.8%
ArizonaJohn Mackovic
30.8%
SyracusePaul Pasqualoni
30.4%
IndianaGerry DiNardo
30%
LSUGerry DiNardo
30%
MichiganGary O. Moeller
28.6%
Washington StatePaul Wulff
26.7%
ConnecticutTom Jackson
26.4%
IndianaTerry Hoeppner
26.4%
GeorgiaJim Donnan
26.4%
Texas A&MR.C. Slocum
26%
UCLAKarl Dorrell
25.3%
OklahomaHoward Schnellenberger
23.8%
Wake ForestJim Caldwell
22.3%
Texas TechSpike Dykes
22.3%
VanderbiltRobbie Caldwell
22.3%
OklahomaJohn Blake
22%
Ohio StateEarle Bruce
22%
ArkansasDanny Ford
22%
DukeTed Roof
21.2%
IndianaBill Lynch
20.9%
UCLABob Toledo
20.5%
Iowa StateDan McCarney
19%
GeorgiaRay Goff
19%
PittsburghPaul Hackett
17.9%
USCPaul Hackett
17.9%
West VirginiaDon Nehlen
17.2%
Arizona StateDirk Koetter
17.2%
BaylorGuy Morriss
16.5%
KentuckyGuy Morriss
16.5%
VirginiaGeorge Welsh
16.1%
ClemsonTommy West
15.4%
North CarolinaCarl Torbush
14.3%
KansasTerry Allen
14.3%
South CarolinaBrad Scott
14.3%
StanfordBuddy Teevens
13.9%
CaliforniaSteve Mariucci
12.8%
North CarolinaJohn Bunting
12.5%
Washington StateBill Doba
12.5%
IllinoisLou Tepper
11%
Oklahoma StateBob Simmons
9.9%
TexasDavid McWilliams
9.9%
BaylorKevin Steele
9.5%
ArizonaDick Tomey
8.8%
DukeCarl Franks
7.7%
VanderbiltWoody Widenhofer
7.3%
North Carolina StateMike O'Cain
6.6%
MarylandRon Vanderlinden
6.2%
WashingtonKeith Gilbertson
6.2%
MinnesotaJim Wacker
5.9%
Penn StateCharles Engle
5.1%
PurdueJim Colletto
5.1%
CaliforniaTom Holmoe
4.4%
RutgersTerry Shea
2.9%
RutgersDoug Graber
1.8%
MarylandMark Duffner
1.5%
WisconsinDon Morton
1.5%
Virginia TechJimmy Sharpe
1.1%
MissouriBob Stull
0.7%
IowaBob Commings
0.7%
Florida StateDarrell Mudra
0.4%
Penn StateF. Joseph Bedenk
0%

You're not logged in!

Compare scores with friends on all Sporcle quizzes.
OR
Log In

Show Comments

Extras

Top Quizzes Today


Score Distribution

Your Account Isn't Verified!

In order to create a playlist on Sporcle, you need to verify the email address you used during registration. Go to your Sporcle Settings to finish the process.

Report this User

Report this user for behavior that violates our Community Guidelines.

Details: